MARC

LEADER 00000nam a2200000Ia 4500
001 22969
008 160829s2010 xx 000 0 cat d
080 |a FU-59-4 
245 |a Parc Natural del Montseny :  |b  reserva de la biosfera 
250 |a Ed. en català 
260 |a Barcelona :  |b Diputació de Barcelona. Àrea d'Espais Naturals ; Girona :  |b Diputació de Girona,  |c 2010 
300 |a 1 f. plegat en 8 parts :  |b  il. col. ;  |c 22 cm pleg., 44 x 44 cm despleg. 
590 |a Conté un mapa del parc.  
590 |a Hi ha un exemplar en castellà amb R. 23003, en anglès amb R. 23004 i en francès amb R. 23005 
610 0 |a Parc Natural del Montseny (Catalunya)  |9 10461 
610 0 |a Parc Natural del Montseny (Catalunya)  |v Guies  |9 52680 
700 |a Girona. Diputació 
710 |a Barcelona (Catalunya : Província).  |b Àrea d'Espais Naturals  |9 9050 
901 |a Arxiu 
942 |n 1 
952 |0 0  |1 0  |4 0  |6 FU594  |7 1  |9 50735  |a Arxiu  |b Arxiu  |d 2016-12-01  |l 0  |o FU-59-4  |p 22969  |r 2016-12-01 00:00:00  |w 2016-12-01  |y ARXIU 
999 |c 54577  |d 54577